| Tag |
First Indicator |
Second Indicator |
Subfields |
| LEADER |
00000cam a2200000 a 4500 |
| 001 |
in00001335331 |
| 005 |
20151006050559.0 |
| 008 |
950228s1995 enka b 001 0 eng |
| 010 |
|
|
|a 95007748
|
| 020 |
|
|
|a 0415130816
|
| 020 |
|
|
|a 0415103266 (pbk.)
|
| 035 |
|
|
|a (OCoLC)32168095
|
| 035 |
|
|
|9 AHF0511AM
|
| 040 |
|
|
|a DLC
|c DLC
|d C#P
|d TXA
|d UtOrBLW
|
| 049 |
|
|
|a TXAM
|
| 050 |
0 |
0 |
|a HF5549.5.S38
|b R626 1995
|
| 082 |
0 |
0 |
|a 658.3/112
|2 20
|
| 100 |
1 |
|
|a Cooper, Dominic,
|d 1954-
|
| 245 |
1 |
4 |
|a The psychology of personnel selection :
|b a quality approach /
|c Dominic Cooper and Ivan T. Robertson.
|
| 264 |
|
1 |
|a London ;
|a New York :
|b Routledge,
|c 1995.
|
| 300 |
|
|
|a ix, 210 pages :
|b illustrations ;
|c 22 cm.
|
| 336 |
|
|
|a text
|b txt
|2 rdacontent
|
| 337 |
|
|
|a unmediated
|b n
|2 rdamedia
|
| 338 |
|
|
|a volume
|b nc
|2 rdacarrier
|
| 490 |
1 |
|
|a Essential business psychology
|
| 504 |
|
|
|a Includes bibliographical references (pages 197-207) and index.
|
| 650 |
|
0 |
|a Employee selection.
|
| 700 |
1 |
|
|a Robertson, Ivan.
|
| 830 |
|
0 |
|a Essential business psychology.
|
| 999 |
|
|
|a MARS
|
| 999 |
f |
f |
|s b0e0fea8-ad18-3c31-ada0-3e59360077ed
|i ef82197c-71a9-3a9f-be88-a052db556955
|t 0
|
| 952 |
f |
f |
|p ric
|a Texas A&M University
|b Rellis Campus
|c Joint Library Facility
|d Remote Storage
|t 0
|e HF5549.5.S38 R626 1995
|h Library of Congress classification
|i unmediated -- volume
|m A14820536858
|
| 998 |
f |
f |
|a HF5549.5.S38 R626 1995
|t 0
|l Remote Storage
|